ALL Drag Race España Queens (Including All Stars) - Statistics

General Stats
  • This quiz has been taken 15 times
    8 since last reset
  • The average score is 62 of 68
Answer Stats
Season Placement Drag Queen % Correct
🇪🇸 Drag Race España 🇪🇸-Season 1- 🏆 WINNER 🏆 Carmen Farala
100%
🇪🇸 Drag Race España 🇪🇸-Season 3- 11th Chanel Anorex
100%
🇪🇸 Drag Race España 🇪🇸-Season 3- 5th Clover Bish
100%
🇪🇸 Drag Race España 🇪🇸-Season 5- 5th Dafne Mugler
100%
🇪🇸 Drag Race España 🇪🇸-Season 2- 6th Drag Sethlas
100%
🇪🇸 Drag Race España: All Stars ⭐️-Season 1- 🏆 WINNER 🏆 Drag Sethlas
100%
🇪🇸 Drag Race España 🇪🇸-Season 1- 9th Drag Vulcano
100%
🇪🇸 Drag Race España 🇪🇸-Season 5- 7th Ferrxn
100%
🇪🇸 Drag Race España 🇪🇸-Season 3- 3rd/4th Hornella Góngora
100%
🇪🇸 Drag Race España: All Stars ⭐️-Season 1- 3rd/4th Hornella Góngora
100%
🇪🇸 Drag Race España 🇪🇸-Season 4- 9th Kelly Passa!?
100%
🇪🇸 Drag Race España 🇪🇸-Season 3- 3rd/4th[Orig. 10th] Kelly Roller
100%
🇪🇸 Drag Race España 🇪🇸-Season 1- 🥈 Runner-Up 🥈 Killer Queen
100%
🇪🇸 Drag Race España 🇪🇸-Season 5- 10th/11th La Escándalo
100%
🇪🇸 Drag Race España 🇪🇸-Season 4- 4th La Niña Delantro
100%
🇪🇸 Drag Race España 🇪🇸-Season 4- 🏆 WINNER 🏆 Le Cocó
100%
🇪🇸 Drag Race España 🇪🇸-Season 5- 🥈 Runner-Up 🥈 Margarita Kalifata
100%
🇪🇸 Drag Race España 🇪🇸-Season 5- 3rd/4th Nix
100%
🇪🇸 Drag Race España 🇪🇸-Season 5- 12th💐 Miss Congeniality 💐 Nori
100%
🇪🇸 Drag Race España 🇪🇸-Season 2- 8th Onyx Unleashed
100%
🇪🇸 Drag Race España: All Stars ⭐️-Season 1- 8th Onyx Unleashed
100%
🇪🇸 Drag Race España 🇪🇸-Season 3- 7th/8th Pakita
100%
🇪🇸 Drag Race España: All Stars ⭐️-Season 1- 7th Pakita
100%
🇪🇸 Drag Race España 🇪🇸-Season 3- 7th/8th Pink Chadora
100%
🇪🇸 Drag Race España: All Stars ⭐️-Season 1- 9th Pink Chadora
100%
🇪🇸 Drag Race España 🇪🇸-Season 3- 🏆 WINNER 🏆 Pitita
100%
🇪🇸 Drag Race España 🇪🇸-Season 1- 4th💐 Miss Congeniality 💐 Pupi Poisson
100%
🇪🇸 Drag Race España: All Stars ⭐️-Season 1- 5th Pupi Poisson
100%
🇪🇸 Drag Race España 🇪🇸-Season 1- 🥈 Runner-Up 🥈 Sagittaria
100%
🇪🇸 Drag Race España: All Stars ⭐️-Season 1- 6th Sagittaria
100%
🇪🇸 Drag Race España 🇪🇸-Season 2- 🏆 WINNER 🏆 Sharonne
100%
🇪🇸 Drag Race España 🇪🇸-Season 4- 🥈 Runner-Up 🥈 Vampirashian
100%
🇪🇸 Drag Race España 🇪🇸-Season 2- 🥈 Runner-Up 🥈 Venedita Von Däsh
100%
🇪🇸 Drag Race España 🇪🇸-Season 3- 9th Visa
100%
🇪🇸 Drag Race España 🇪🇸-Season 5- 6th Alexandra del Raval
83%
🇪🇸 Drag Race España 🇪🇸-Season 4- 7th Angelita la Perversa
83%
🇪🇸 Drag Race España 🇪🇸-Season 1- 7th Arantxa Castilla La Mancha
83%
🇪🇸 Drag Race España 🇪🇸-Season 2- 11th Ariel Rec
83%
🇪🇸 Drag Race España 🇪🇸-Season 3- 6th Bestiah
83%
🇪🇸 Drag Race España 🇪🇸-Season 4- 3rd Chloe Vittu
83%
🇪🇸 Drag Race España 🇪🇸-Season 5- 8th Denébola Murnau
83%
🇪🇸 Drag Race España 🇪🇸-Season 2- 7th Diamante Merybrown
83%
🇪🇸 Drag Race España 🇪🇸-Season 4- 10th💐 Miss Congeniality 💐 Dita Dubois
83%
🇪🇸 Drag Race España 🇪🇸-Season 1- 5th Dovima Nurmi
83%
🇪🇸 Drag Race España 🇪🇸-Season 3- 12th Drag Chuchi
83%
🇪🇸 Drag Race España 🇪🇸-Season 2- 🥈 Runner-Up 🥈 Estrella Xtravaganza
83%
🇪🇸 Drag Race España 🇪🇸-Season 5- 10th/11th Eva Harrington
83%
🇪🇸 Drag Race España 🇪🇸-Season 1- 6th Hugáceo Crujiente
83%
🇪🇸 Drag Race España 🇪🇸-Season 1- 8th[Quit] Inti
83%
🇪🇸 Drag Race España 🇪🇸-Season 2- 9th Jota Carajota
83%
🇪🇸 Drag Race España 🇪🇸-Season 2- 5th Juriji Der Klee
83%
🇪🇸 Drag Race España: All Stars ⭐️-Season 1- 3rd/4th Juriji Der Klee
83%
🇪🇸 Drag Race España 🇪🇸-Season 5- 9th Krystal Forever
83%
🇪🇸 Drag Race España 🇪🇸-Season 5- 3rd/4th Laca Udilla
83%
🇪🇸 Drag Race España 🇪🇸-Season 3- 13th💐 Miss Congeniality 💐 Maria Edilia
83%
🇪🇸 Drag Race España 🇪🇸-Season 4- 5th Mariana Stars
83%
🇪🇸 Drag Race España 🇪🇸-Season 2- 4th Marina
83%
🇪🇸 Drag Race España 🇪🇸-Season 2- 12th Marisa Prisa
83%
🇪🇸 Drag Race España 🇪🇸-Season 4- 8th Miss Khristo
83%
🇪🇸 Drag Race España 🇪🇸-Season 4- 11th Porca Theclubkid
83%
🇪🇸 Drag Race España 🇪🇸-Season 2- 10th💐 Miss Congeniality 💐 Samantha Ballentines
83%
🇪🇸 Drag Race España: All Stars ⭐️-Season 1- 🥈 Runner-Up 🥈💐 Miss Congeniality 💐 Samantha Ballentines
83%
🇪🇸 Drag Race España 🇪🇸-Season 5- 🏆 WINNER 🏆 Satín Greco
83%
🇪🇸 Drag Race España 🇪🇸-Season 4- 12th Shani LaSanta
83%
🇪🇸 Drag Race España 🇪🇸-Season 1- 10th The Macarena
83%
🇪🇸 Drag Race España 🇪🇸-Season 3- 10th The Macarena
83%
🇪🇸 Drag Race España 🇪🇸-Season 3- 🥈 Runner-Up 🥈 Vania Vainilla
83%
🇪🇸 Drag Race España 🇪🇸-Season 4- 6th Megui Yeillow
67%
No matching quizzes found
Score Distribution
Percent of People with Each Score
Percentile by Number Answered
Your Score History
You have not taken this quiz since the last reset